| 000 | 00349 a2200133 4500 | ||
|---|---|---|---|
| 001 | 88273 | ||
| 082 | _aPR 500 | ||
| 090 |
_c41687 _d41687 |
||
| 100 | _aKashif Aziz | ||
| 245 | _aDevelopment of computer based technical training system for K-8 Aircraft | ||
| 260 |
_aRisalpur _bNUST Risalpur _c2000 |
||
| 300 | _a108p. | ||
| 500 | _aBE Project Reports | ||
| 942 |
_aCAE NUST _kPR 500 |
||
| 999 |
_c323346 _d323346 |
||